Central Library OPAC University of Rajshahi

বঙ্কিম-উপন্যাসের মূল রূপ ও রূপান্তর : (Record no. 40284)

MARC details
000 -LEADER
fixed length control field 00980nam a2200229 a 4500
001 - CONTROL NUMBER
control field 40284
003 - CONTROL NUMBER IDENTIFIER
rucl marc code BD-RjUL
005 - DATE AND TIME OF LATEST TRANSACTION
control field 20211209053201.0
008 - FIXED-LENGTH DATA ELEMENTS--GENERAL INFORMATION
fixed length control field 160427s1999 ii ||||| |||| 00| f ben d
020 ## - INTERNATIONAL STANDARD BOOK NUMBER
International Standard Book Number 8176160245
Terms of availability : Tk. 120.00
035 ## - SYSTEM CONTROL NUMBER
System control number (BD-RjUL)40399
040 ## - CATALOGING SOURCE
Original cataloging agency BD-RjUL
Language of cataloging ben
Transcribing agency BD-RjUL
041 ## - LANGUAGE CODE
Language code of text/sound track or separate title ben
082 ## - DEWEY DECIMAL CLASSIFICATION NUMBER
Edition number 23
Classification number 891.44308
Author mark and year BHB 1999
100 ## - MAIN ENTRY--PERSONAL NAME
Personal name ভট্টাচার্য, অপর্ণা
9 (RLIN) 124120
245 10 - TITLE STATEMENT
Title বঙ্কিম-উপন্যাসের মূল রূপ ও রূপান্তর :
Remainder of title সংকলন ও মূল্যায়ন /
Statement of responsibility, etc. অপর্ণা ভট্টাচার্য
260 ## - PUBLICATION, DISTRIBUTION, ETC. (IMPRINT)
Place of publication, distribution, etc. কলকাতা :
Name of publisher, distributor, etc. মডেল পাবলিশিং হাউস,
Date of publication, distribution, etc. ১৯৯৯
300 ## - PHYSICAL DESCRIPTION
Pagination ৩২৭ পৃ. ;
Size ২২ সেমি.
650 ## - SUBJECT ADDED ENTRY--TOPICAL TERM
Topical term or geographic name as entry element বাংলা উপন্যাস
General subdivision সংগ্রহ
9 (RLIN) 124121
Topical term or geographic name as entry element Bengali Fiction
General subdivision Collection
Form subdivision History and Criticism
9 (RLIN) 124122
942 ## - ADDED ENTRY ELEMENTS (KOHA)
Source of classification or shelving scheme Dewey Decimal Classification
Koha item type Books
Holdings
Lost status Source of classification or shelving scheme Damaged status Not for loan Collection code Permanent Location Current Location Shelving location Date acquired Source of acquisition Cost, normal purchase price Total Checkouts Full call number Date last seen Copy number Koha item type
  Dewey Decimal Classification   Not For Loan Fiction Central Library, University of Rajshahi Central Library, University of Rajshahi Reading Room 08/03/2008 Paragogn Enterprise, Dhaka 120.00   B 891.44308 BHB 1999 27/04/2016 C-1 Books
  Dewey Decimal Classification     Fiction Central Library, University of Rajshahi Central Library, University of Rajshahi   08/03/2008 Paragogn Enterprise, Dhaka 120.00   B 891.44308 BHB 1999 11/08/2016 C-2 Books
  Dewey Decimal Classification     Fiction Central Library, University of Rajshahi Central Library, University of Rajshahi   08/03/2008 Paragogn Enterprise, Dhaka 120.00   B 891.44308 BHB 1999 11/08/2016 C-3 Books
  Dewey Decimal Classification     Fiction Central Library, University of Rajshahi Central Library, University of Rajshahi   08/03/2008 Paragogn Enterprise, Dhaka 120.00   B 891.44308 BHB 1999 11/08/2016 C-4 Books
  Dewey Decimal Classification     Non-fiction Central Library, University of Rajshahi Central Library, University of Rajshahi   08/03/2008 Paragon Enterprises Dhaka 120.00   B 891.44308 BHB 1999 01/11/2016 C-6 Books